000 00277nam a22001337a 4500
008 170303b xxu||||| |||| 00| 0 eng d
020 _a9780135310625
041 _aeng
080 _25 ED
_aSHM
100 _a6
101 _aSHM
245 _aGENETICS
_cKLUG,W
942 _2udc
_cBK
999 _c6732
_d6732